I tu, què fas davant del tabac?
Descripción Física:
1 targeta postal : il·lustracions ; 15 x 10 cm
Idioma:
Catalán
MARC
| LEADER | 00000nkm a2200000 a 4500 | ||
|---|---|---|---|
| 001 | 25405 | ||
| 003 | BGR | ||
| 005 | 20260324181104.0 | ||
| 008 | 220505b spa||||| |||| 00| 0 cat d | ||
| 017 | |a DL B 8439-2021 | ||
| 080 | |a NBM-13-75 | ||
| 245 | |a I tu, què fas davant del tabac? | ||
| 260 | |a Barcelona : |b Diputació de Barcelona ; |c 2021 | ||
| 300 | |a 1 targeta postal : |b il·lustracions ; |c 15 x 10 cm | ||
| 650 | 0 | |a Tabac |x Prevenció |9 52695 | |
| 650 | 0 | |9 31502 |a Tabac |x Efectes fisiològics | |
| 655 | 0 | |a Targetes postals |9 52685 | |
| 710 | |a Barcelona (Catalunya : Província). |b Servei de Salut Pública |9 52202 | ||
| 942 | |2 udc |c ARXIU |n 1 | ||
| 952 | |0 0 |1 0 |4 0 |6 NBM1375 |7 1 |9 61489 |a Arxiu |b Arxiu |d 2022-05-05 |l 0 |o NBM-13-75 |p 25405 |r 2022-05-05 00:00:00 |w 2022-05-05 |y ARXIU | ||
| 999 | |c 81442 |d 81442 | ||